000 00740nam a22001817a 4500
003 UA-OsUOA
001 17563
007 ta
008 20040315b un ||||| |||| 00| 0 ukr d
100 _aТарасюк П.
942 _cSA
040 _aUA-OsUOA
_cUA-OsUOA
_dUA-OsUOA
245 _aСкульптори жіночої вроди
_b[Розмова з керівником Рівнен. центру мікроендоскопічної хірургії лорорганів і косметичної хірургії П.Тарасюком]/ Розмовляла В.Гордич
300 _aС.24
955 _a0
773 0 _w0
_tСім днів
_dРівне
_d2004
_g№10/5 берез./
650 7 _aКраєзнавча робота
_2UDC
999 _c303731
_d303731